'I'-Less European Countries Quiz Stats

 Plays Quiz Updated Aug 13, 2018

Challenge
Share
Tweet
Embed
Score 0/20 Timer 02:00
4 Plays Today
Country % Correct
France
94.9%
Germany
94.5%
Sweden
93.5%
Portugal
90.7%
Norway
90.5%
Greece
87%
Poland
84.2%
Denmark
83.8%
Netherlands
80.5%
Turkey
76.8%
Country % Correct
Hungary
74.3%
Luxembourg
73%
Andorra
71.3%
Monaco
69.2%
Cyprus
68.6%
Malta
68.4%
Belarus
64.4%
Kosovo
61.7%
Moldova
59.5%
Montenegro
57.3%

You're not logged in!

Compare scores with friends on all Sporcle quizzes.
OR
Log In

You Might Also Like...

Show Comments

Extras

Top Quizzes Today


Score Distribution

Your Account Isn't Verified!

In order to create a playlist on Sporcle, you need to verify the email address you used during registration. Go to your Sporcle Settings to finish the process.

Report this User

Report this user for behavior that violates our Community Guidelines.

Details: